00311nam a2200109 4500008004100000100001500041245007100056260000900127300001300136700001800149773003400167190417b ||||| |||| 00| 0 eng d aNair, Tara aMapping and measuring media ownership and control: a critical note c2018 ap.63-65. aTaneja, Harsh aEconomic and Political Weekly